00543nam a2200181Ia 4500003000400000008004100004040001600045082001700061100002200078245004400100260005400144300001000198650001400208650001300222942001200235999001700247952009700264GCL140319s9999    xx            000 0 eng d  aGCL / cGCL04a541.394bL C1 aLAIDLER, KEITH J.10aCHEMICAL KINETICS / cLAIDLER, KEITH J.  a[S.N] : bTATA MCGRAW - HILL PUBLISHING ، c1992  a566\P04aCHEMISTRY04aKINETICS  2ddccBK  c20166d20166  00104070aCAIbCAId2014-03-26l0o541.394\L Cp37991r2014-03-26 00:00:00w2014-03-26yBK